000
00227nam a22000857a 4500
008
160715b xxu||||| |||| 00| 0 eng d
100
_9
2911
_a
Mccay, J.T
245
_a
The Management of Time
260
_a
N.J
_b
Prentice Hall.Inc.
_c
1959
999
_c
2476
_d
2476